000 01323nam a2200325 i 4500
003 EG-GICUC
005 20260121101531.0
008 251221s2011 ua ||||fr|||| 000 0 ara d
017 _a2010/10615
020 _a978-977-04-6440-9
040 _a EG-GICUC
_bara
_c EG-GICUC
_d EG-GICUC
_erda
041 _aara
082 0 4 _221
_a345.456
_bم ح . ض
092 0 4 _221
099 _aLaw1 07 345.456 م ح . ض 2011
100 0 _aمحمد ابرهيم الدسوقي علي
_eمؤلف.
245 1 0 _aضمانات الموظف المحال للتحقيق الاداري /
_cدكتور محمد ابراهيم الدسوقي علي.
264 1 _aالقاهرة :
_bدار النهضة العربية,
_c2011.
300 _a197 صفحة؛
_c24 سم
_bإيضاحيات، صور، مثيليات ؛
336 _2rda content
_atext
337 _2rda media
_aComputer
338 _2rda carrier
_aOnline Resource
504 _a. 196-181 ببليوجرافيا: صفحات.
546 _aالنص أغلبه باللغة العربية مع بعض النصوص الفرنسية
650 1 4 _aاجراءات وضمانات تأديب العاملين المدنين بالدولة
_2qrmak
651 1 _2qrmak
856 4 0 _uhttps://fll.law.cu.edu.eg/fulltext/bks/B07-01744.pdf
905 _a79
942 _2ddc
_cBK
_e21
_n0
999 _c52096
_d52096